000 01734nam a22004457a 4500
003 CHAP
005 20220329143331.0
008 080911s2008 mx r 00010 spa d
010 _a95117
011 _a96089
035 _a106730
040 _cCHAP
090 _aTesis
100 1 _aCárcamo Mallen, Robert Williams.
_924032
245 1 3 _aLa crisis cafetalera en México 2000-2005
_b: situación y políticas de acción
_c/por Robert Williams Cárcamo Mallen
260 _aChapingo, Méx. :
_bEl autor,
_c2008
300 _aiii, 91 h. :
_bgráfs., cuadros
502 _aTesis (Lic. en Comercio Internacional de Productos Agropecuarios) -- UACH. División de Ciencias Económico Administrativas
530 _aTambién disponible en línea
590 _aALEPH
_b10
_c20130110
_lUCH01
_h1523
590 _aBATCH-UPD
_b10
_c20130110
_lUCH01
_h0854
590 _aBATCH-UPD
_b10
_c20130410
_lUCH01
_h0526
590 _aBATCH-UPD
_b10
_c20130914
_lUCH01
_h0808
590 _aBATCH-UPD
_b10
_c20140324
_lUCH01
_h1507
590 _aBATCH-UPD
_b10
_c20141002
_lUCH01
_h0836
590 _aBATCH
_b00
_c20181121
_lUCH01
_h0759
590 _aCONVERSION
_b10
_c20130109
_lUCH01
_h1353
650 1 4 _aCafé
_xAspectos económicos.
_917090
650 1 4 _aCafé
_xPrecios.
_917187
650 1 4 _aCafé
_xRendimiento.
_917196
650 1 4 _aComercio internacional.
_925641
650 1 4 _aCrisis económica.
_928975
650 1 4 _aPolítica agrícola.
_990283
856 _3Finding aid
_uhttp://10.13.5.2/tesis/106730.pdf
_zTeclea aqui
856 _a1
_n0001271
901 _aBK
942 _cFOLL
949 _aTesis
_bBC
_cTES
_d33724002071835
_eTS1
_gDonaciØn
_h48042
_i106730
_sb
949 _aTesis
_bBC
_cTES
_d33724002071876
_eTS2
_fc.2
_gDonaciØn
_h48043
_i106730
_si
999 _c95117
_d95117